[Event "FRA-ch op-B"]
[Site "Aix les Bains"]
[Date "2003.08.28"]
[Round "9"]
[White "Soulaimonov, Veokhid"]
[Black "Pagny, Samuel"]
[Result "1-0"]
[WhiteElo "1910"]
[BlackElo "1890"]
[PlyCount "63"]
[EventDate "2003.08.19"]
[EventType "swiss"]
[EventRounds "9"]
[EventCountry "FRA"]
[SourceTitle "EXT 2004"]
[Source "ChessBase"]
[SourceDate "2003.11.25"]
[SourceVersion "1"]
[SourceVersionDate "2003.11.25"]
[SourceQuality "1"]

1. d4 d6 2. Nf3 Nf6 3. c4 Nbd7 4. Nc3 e5 5. e4 Be7 6. Be2 0-0 7. 0-0 a5 8. Rb1 Re8 9. Re1 exd4 10. Nxd4 Nc5 11. Bf1 Ncxe4 12. Nxe4 Nxe4 13. Rxe4 c5 14. Nb5 Bf5 15. Bd3 Bxe4 16. Bxe4 Qd7 17. Qf3 Bf8 18. Be3 Rab8 19. Rd1 Qe6 20. Bd5 Qd7 21. g3 h6 22. Kg2 Re5 23. Be4 Rbe8 24. Bxb7 Rf5 25. Qc6 Qe6 26. Nxd6 Bxd6 27. Rxd6 Qe7 28. Rd2 Rb8 29. Qd7 Re5 30. Qxe7 Rxe7 31. Bd5 Rc8 32. Rd3 1-0